Manual técnico del vacío /
Guardado en:
| Autor Principal: | |
|---|---|
| Formato: | Libro |
| Idioma: | Spanish |
| Publicado: |
Buenos Aires :
José María Pedroni,
2009.
|
| Edición: | 1ra ed. |
| Materias: | |
| Etiquetas: |
Agregar Etiqueta
Sin Etiquetas, Sea el primero en etiquetar este registro!
|
| LEADER | 00679nam a22002055a 4500 | ||
|---|---|---|---|
| 001 | EIQ.libpla004209 | ||
| 008 | 121009s2009####ag#a#####b####000#0#spa#d | ||
| 005 | 20180418151219.0 | ||
| 245 | 1 | 0 | |a Manual técnico del vacío / |c Ing. José María Pedroni. |
| 250 | |a 1ra ed. | ||
| 260 | |a Buenos Aires : |b José María Pedroni, |c 2009. | ||
| 300 | |a 269 p. : |b il. ; |c 21 cm. | ||
| 504 | |a Incluye referencias bibliográficas e índice. | ||
| 020 | |a 9789870566632 | ||
| 100 | 1 | |a Pedroni, José María. | |
| 082 | 0 | 4 | |a 533.5 |2 21 |
| 650 | 7 | |a Física |x Gases |x Equipos de vacío | |
| 650 | 7 | |a Physics |x Gases |x Vacuum equipment | |
| 040 | |a AR-BbSID | ||
| 859 | |a AR-BbSID |b BIB. PLAPIQUI |h 533.5 |i P343 |k R |p 6148 | ||
